| 000 | 00741nam a2200229 4500 | ||
|---|---|---|---|
| 001 | 45863 | ||
| 010 | _a9728179987 | ||
| 021 | _b213283/04 | ||
| 090 | _a45863 | ||
| 100 | _a20060130e2003 m y0pory50030103ba | ||
| 101 | 1 | _apor | |
| 102 | _aPT | ||
| 200 | 1 |
_aFutebol mundial _ehistória do futebol _ecampeonatos mundiais e europeus _efutebol global _etempos de mudançca _eproblemas da actualidade _f[não identificado] |
|
| 205 | _aReimp | ||
| 210 | 9 |
_a[Lisboa], _cCivilizacão _cDorling Kindersley, _cdist. Publico _d2003 |
|
| 215 |
_a216 p. _cil. _d26 cm |
||
| 304 | _aTít. orig.: Football yearbook 2003-2004 | ||
| 606 |
_aFutebol _xHistória _z1889-2004 |
||
| 675 | _a796.33 | ||
| 675 |
_a796.33.093"1889/2004" _vBN _zpor |
||
| 801 |
_aPT _gRPC |
||
| 990 | _cLIVROS | ||